| 000 | 00660nam a22001697a 4500 | ||
|---|---|---|---|
| 999 |
_c15000 _d15000 |
||
| 003 | AR-CdUCM | ||
| 008 | 190425b ||||| |||| 00| 0 spa d | ||
| 040 |
_aMUNICIPALIDAD PROVINCIAL DEL CUSCO _cBIBLIOTECA MUNICIPAL DEL CUSCO |
||
| 082 |
_aC / 340.4 / _bP49 |
||
| 100 |
_aPezua Vivanco, David B. _933996 |
||
| 245 | _a¿Existe un primer poder del estado? / | ||
| 260 |
_aCuzco : _bPantigozo, _c1966. |
||
| 300 |
_a96 hojas ; _c25 cm. |
||
| 505 | _aLa preeminencia del ejecutivo o legislativo en las constituciones derogadas -- estudio de las relaciones entre el ejecutivo y el legislativo en la constitución vigente... | ||
| 942 |
_2ddc _cTESIS |
||
| 945 | _awfj | ||